History Quiz

Random History or Century Quiz

Click the 20th Century US Presidents Quiz Stats

 Plays Quiz Updated May 5, 2018

Challenge
Share
Tweet
Score 0/17 Timer 04:00
3 Plays Today
% Correct
John F. Kennedy
95.3%
Bill Clinton
95.1%
Ronald Reagan
92.6%
George H. W. Bush
92.2%
Richard Nixon
92.2%
Jimmy Carter
90.9%
Theodore Roosevelt
86.1%
Gerald Ford
83.7%
Dwight D. Eisenhower
83.5%
% Correct
Lyndon B. Johnson
83.4%
Harry S. Truman
81.3%
William H. Taft
80.7%
Franklin D. Roosevelt
78.3%
Herbert Hoover
72.6%
Woodrow Wilson
71.8%
Warren G. Harding
68.2%
Calvin Coolidge
61.6%

You're not logged in!

Compare scores with friends on all Sporcle quizzes.
OR
Log In

You Might Also Like...

Show Comments

Extras

Top Quizzes Today


Score Distribution

Your Account Isn't Verified!

In order to create a playlist on Sporcle, you need to verify the email address you used during registration. Go to your Sporcle Settings to finish the process.

Report this User

Report this user for behavior that violates our Community Guidelines.

Details: